| 000 | 00498nam a22001695i 4500 | ||
|---|---|---|---|
| 001 | 165897 | ||
| 003 | ES-MaACL | ||
| 005 | 20230906213227.0 | ||
| 008 | 050907s1898 fr | |||||||| ||fre d | ||
| 040 |
_aCAM _bspa _cCAM |
||
| 100 | 1 |
_aSully Prudhomme. _9108764 |
|
| 245 | 1 | 0 |
_aOeuvres de Sully Prudhomme _b: prose (1883). |
| 260 |
_aParis : _bAlphonse Lemerre, _c1898. |
||
| 300 |
_aIII, 420 p. ; _c23 cm. |
||
| 752 |
_aFrancia - _dParis |
||
| 852 |
_aES-MaACL _jF-10698 _z-- Enc. pasta espaƱola |
||
| 999 |
_c165897 _d165897 |
||